{"text_format":"3","workbook":"xlsx","n_sheets":1,"sheets":["t185"],"read":"whole","date_system":"1900"}

{"sheet":"t185","index":0,"n_rows":174,"n_cols":7,"rows_kept":174,"merged":[[0,0,0,6],[28,0,28,5],[45,0,45,5],[152,0,152,5]]}
["TABELA 185.1 - Estatísticas Agrícolas, Município de Florínea, Estado de São Paulo, 2016/17."]
["ITEM","UNIDADE","N.DE UPAs","MÍNIMO","MÉDIO","MÁXIMO","TOTAL"]
["Distância à sede do município","km",230,{"v":0,"d":"0.0"},{"v":8.61,"d":"8.6"},{"v":23,"d":"23.0"},"-"]
["Área total","hectare",230,0.5,{"v":82.71,"d":"82.7"},{"v":1080.3,"d":"1,080.3"},{"v":19022.18,"d":"19,022.2"}]
["Área com cultura perene","hectare",2,0.3,{"v":3.15,"d":"3.2"},{"v":6,"d":"6.0"},6.3]
["Área com cultura temporária","hectare",221,0.1,{"v":79.72,"d":"79.7"},{"v":1063.3,"d":"1,063.3"},{"v":17617.88,"d":"17,617.9"}]
["Área com pastagem","hectare",38,0.2,{"v":6.77,"d":"6.8"},{"v":72,"d":"72.0"},257.2]
["Área com reflorestamento","hectare",10,0.1,{"v":5.39,"d":"5.4"},{"v":15,"d":"15.0"},53.9]
["Área com vegetação natural","hectare",126,0.1,{"v":6.48,"d":"6.5"},94.6,816.5]
["Área com vegetação de brejo e várzea","hectare",36,0.2,{"v":3.58,"d":"3.6"},24.2,128.7]
["Área em descanso","hectare","-","-","-","-",{"v":0,"d":"0.0"}]
["Área complementar","hectare",111,0.1,{"v":1.28,"d":"1.3"},12.5,141.7]
["Área das UPAs com (0, 1] ha","hectare",2,0.5,{"v":0.55,"d":"0.6"},0.6,1.1]
["Área das UPAs com (1, 2] ha","hectare",3,1.2,1.6,1.8,4.8]
["Área das UPAs com (2, 5] ha","hectare",27,2.4,{"v":3.77,"d":"3.8"},4.8,101.8]
["Área das UPAs com (5, 10] ha","hectare",22,5.4,{"v":7.54,"d":"7.5"},9.7,165.9]
["Área das UPAs com (10, 20] ha","hectare",27,11.8,{"v":15.35,"d":"15.4"},19.3,{"v":414.42,"d":"414.4"}]
["Área das UPAs com (20, 50] ha","hectare",53,20.1,{"v":32.28,"d":"32.3"},48.8,{"v":1710.96,"d":"1,711.0"}]
["Área das UPAs com (50, 100] ha","hectare",52,50.8,{"v":68.62,"d":"68.6"},97.1,{"v":3568.2,"d":"3,568.2"}]
["Área das UPAs com (100, 200] ha","hectare",14,101.4,{"v":118.21,"d":"118.2"},180.1,{"v":1654.9,"d":"1,654.9"}]
["Área das UPAs com (200, 500] ha","hectare",23,203.3,{"v":285.18,"d":"285.2"},428.3,{"v":6559.1,"d":"6,559.1"}]
["Área das UPAs com (500, 1.000] ha","hectare",6,510.3,{"v":626.78,"d":"626.8"},{"v":750,"d":"750.0"},{"v":3760.7,"d":"3,760.7"}]
["Área das UPAs com (1.000, 2.000] ha","hectare",1,{"v":1080.3,"d":"1,080.3"},{"v":1080.3,"d":"1,080.3"},{"v":1080.3,"d":"1,080.3"},{"v":1080.3,"d":"1,080.3"}]
["Área das UPAs com (2.000, 5.000] ha","hectare","-","-","-","-","-"]
["Área das UPAs com (5.000, 10.000] ha","hectare","-","-","-","-","-"]
["Área das UPAs acima de 10.000 ha","hectare","-","-","-","-","-"]
["Fonte: Secretaria de Agricultura e Abastecimento, CDRS/IEA, Projeto LUPA."]
[]
["TABELA 185.2 - Explorações Animais, Município de Florínea, Estado de São Paulo, 2016/17."]
["ITEM","UNIDADE","N.DE UPAs","MÍNIMO","MÉDIO","MÁXIMO","TOTAL"]
["Asininos e muares","cabecas",4,{"v":1,"d":"1.0"},{"v":1,"d":"1.0"},{"v":1,"d":"1.0"},{"v":4,"d":"4.0"}]
["Avestruzes e ema (criadouro)","cabecas",1,{"v":2,"d":"2.0"},{"v":2,"d":"2.0"},{"v":2,"d":"2.0"},{"v":2,"d":"2.0"}]
["Avicultura de corte","cabecas/ano",6,{"v":8,"d":"8.0"},{"v":39.67,"d":"39.7"},{"v":100,"d":"100.0"},{"v":238,"d":"238.0"}]
["Avicultura ornamental/decorativa/exotica","cabecas",1,{"v":100,"d":"100.0"},{"v":100,"d":"100.0"},{"v":100,"d":"100.0"},{"v":100,"d":"100.0"}]
["Avicultura para ovos","cabecas",1,{"v":120,"d":"120.0"},{"v":120,"d":"120.0"},{"v":120,"d":"120.0"},{"v":120,"d":"120.0"}]
["Bovinocultura de corte","cabecas",5,{"v":20,"d":"20.0"},{"v":28,"d":"28.0"},{"v":40,"d":"40.0"},{"v":140,"d":"140.0"}]
["Bovinocultura leiteira","cabecas",5,{"v":2,"d":"2.0"},4.2,{"v":8,"d":"8.0"},{"v":21,"d":"21.0"}]
["Bovinocultura mista","cabecas",20,{"v":1,"d":"1.0"},14.6,{"v":80,"d":"80.0"},{"v":292,"d":"292.0"}]
["Caprinocultura","cabecas",1,{"v":6,"d":"6.0"},{"v":6,"d":"6.0"},{"v":6,"d":"6.0"},{"v":6,"d":"6.0"}]
["Equinocultura","cabecas",21,{"v":1,"d":"1.0"},{"v":4.67,"d":"4.7"},{"v":40,"d":"40.0"},{"v":98,"d":"98.0"}]
["Ovinocultura","cabecas",5,{"v":7,"d":"7.0"},75.4,{"v":200,"d":"200.0"},{"v":377,"d":"377.0"}]
["Piscicultura","m2 tanques",2,{"v":1,"d":"1.0"},4.5,{"v":8,"d":"8.0"},{"v":9,"d":"9.0"}]
["Suinocultura","cabecas",26,{"v":3,"d":"3.0"},{"v":15.77,"d":"15.8"},{"v":50,"d":"50.0"},{"v":410,"d":"410.0"}]
["Fonte: Secretaria de Agricultura e Abastecimento, CDRS/IEA, Projeto LUPA."]
[]
["TABELA 185.3 -  Máquinas, Implementos e Benfeitorias, Município de Florínea, Estado de São Paulo, 2016/17."]
["ITEM","UNIDADE","N.DE UPAs","MÍNIMO","MÉDIO","MÁXIMO","TOTAL"]
["Arado comum (bacia, aiveca)","unidade",19,{"v":1,"d":"1.0"},{"v":1.37,"d":"1.4"},{"v":2,"d":"2.0"},{"v":26,"d":"26.0"}]
["Arado escarificador","unidade",21,{"v":1,"d":"1.0"},{"v":1.67,"d":"1.7"},{"v":3,"d":"3.0"},{"v":35,"d":"35.0"}]
["Arado subsolador","unidade",17,{"v":1,"d":"1.0"},{"v":1.65,"d":"1.7"},{"v":5,"d":"5.0"},{"v":28,"d":"28.0"}]
["Batedeira de cereais","unidade",1,{"v":1,"d":"1.0"},{"v":1,"d":"1.0"},{"v":1,"d":"1.0"},{"v":1,"d":"1.0"}]
["Camara fria","unidade",1,{"v":1,"d":"1.0"},{"v":1,"d":"1.0"},{"v":1,"d":"1.0"},{"v":1,"d":"1.0"}]
["Carregadeira de cana","unidade",2,{"v":1,"d":"1.0"},{"v":1,"d":"1.0"},{"v":1,"d":"1.0"},{"v":2,"d":"2.0"}]
["Carreta de trator","unidade",4,{"v":1,"d":"1.0"},{"v":1.25,"d":"1.3"},{"v":2,"d":"2.0"},{"v":5,"d":"5.0"}]
["Colhedeira acoplada","unidade",4,{"v":1,"d":"1.0"},1.5,{"v":3,"d":"3.0"},{"v":6,"d":"6.0"}]
["Colhedeira automotriz","unidade",16,{"v":1,"d":"1.0"},{"v":1.88,"d":"1.9"},{"v":4,"d":"4.0"},{"v":30,"d":"30.0"}]
["Desintegrador, picador, triturador","unidade",32,{"v":1,"d":"1.0"},{"v":1.06,"d":"1.1"},{"v":2,"d":"2.0"},{"v":34,"d":"34.0"}]
["Distribuidor de calcario","unidade",11,{"v":1,"d":"1.0"},{"v":1.45,"d":"1.5"},{"v":3,"d":"3.0"},{"v":16,"d":"16.0"}]
["Ensiladeira","unidade",4,{"v":1,"d":"1.0"},{"v":1.25,"d":"1.3"},{"v":2,"d":"2.0"},{"v":5,"d":"5.0"}]
["Grade aradora (tipo romi)","unidade",26,{"v":1,"d":"1.0"},{"v":1.46,"d":"1.5"},{"v":6,"d":"6.0"},{"v":38,"d":"38.0"}]
["Grade niveladora","unidade",26,{"v":1,"d":"1.0"},1.5,{"v":4,"d":"4.0"},{"v":39,"d":"39.0"}]
["Implementos para tracao animal","unidade",1,{"v":1,"d":"1.0"},{"v":1,"d":"1.0"},{"v":1,"d":"1.0"},{"v":1,"d":"1.0"}]
["Misturador de racao","unidade",6,{"v":1,"d":"1.0"},{"v":1.17,"d":"1.2"},{"v":2,"d":"2.0"},{"v":7,"d":"7.0"}]
["Mmicrotrator","unidade",2,{"v":1,"d":"1.0"},{"v":1,"d":"1.0"},{"v":1,"d":"1.0"},{"v":2,"d":"2.0"}]
["Ordenhadeira mecanica","unidade",1,{"v":1,"d":"1.0"},{"v":1,"d":"1.0"},{"v":1,"d":"1.0"},{"v":1,"d":"1.0"}]
["Pulverizador tratorizado","unidade",43,{"v":1,"d":"1.0"},{"v":1.58,"d":"1.6"},{"v":6,"d":"6.0"},{"v":68,"d":"68.0"}]
["Resfriador de leite, tanque expansao","unidade",1,{"v":1,"d":"1.0"},{"v":1,"d":"1.0"},{"v":1,"d":"1.0"},{"v":1,"d":"1.0"}]
["Semeadeira/adubadeira para plantio convencional","unidade",15,{"v":1,"d":"1.0"},{"v":2.07,"d":"2.1"},{"v":6,"d":"6.0"},{"v":31,"d":"31.0"}]
["Semeadeira/plantadeira plantio direto","unidade",26,{"v":1,"d":"1.0"},{"v":2.19,"d":"2.2"},{"v":6,"d":"6.0"},{"v":57,"d":"57.0"}]
["Tecnologias de gps para controle de máquinas","unidade",1,{"v":3,"d":"3.0"},{"v":3,"d":"3.0"},{"v":3,"d":"3.0"},{"v":3,"d":"3.0"}]
["Terraceador","unidade",4,{"v":1,"d":"1.0"},{"v":1.25,"d":"1.3"},{"v":2,"d":"2.0"},{"v":5,"d":"5.0"}]
["Trator de esteiras","unidade",1,{"v":1,"d":"1.0"},{"v":1,"d":"1.0"},{"v":1,"d":"1.0"},{"v":1,"d":"1.0"}]
["Trator de pneus  acima de 85 cv","unidade",25,{"v":1,"d":"1.0"},{"v":3.96,"d":"4.0"},{"v":12,"d":"12.0"},{"v":99,"d":"99.0"}]
["Trator de pneus até 65 cv","unidade",18,{"v":1,"d":"1.0"},{"v":1.61,"d":"1.6"},{"v":4,"d":"4.0"},{"v":29,"d":"29.0"}]
["Trator de pneus de 66 cv a 85 cv","unidade",31,{"v":1,"d":"1.0"},{"v":1.58,"d":"1.6"},{"v":4,"d":"4.0"},{"v":49,"d":"49.0"}]
["Acude/represa","unidade",17,{"v":1,"d":"1.0"},{"v":1.76,"d":"1.8"},{"v":6,"d":"6.0"},{"v":30,"d":"30.0"}]
["Adega cantina","unidade",1,{"v":1,"d":"1.0"},{"v":1,"d":"1.0"},{"v":1,"d":"1.0"},{"v":1,"d":"1.0"}]
["Almoxarifado/oficina","unidade",11,{"v":1,"d":"1.0"},{"v":1,"d":"1.0"},{"v":1,"d":"1.0"},{"v":11,"d":"11.0"}]
["Armazem para graos ensacados","sacas",11]
["Balanca para bovinos","unidade",3,{"v":1,"d":"1.0"},{"v":1,"d":"1.0"},{"v":1,"d":"1.0"},{"v":3,"d":"3.0"}]
["Balanca para veiculos","unidade",6,{"v":1,"d":"1.0"},{"v":1.17,"d":"1.2"},{"v":2,"d":"2.0"},{"v":7,"d":"7.0"}]
["Barracao para granja/avicultura","unidade",9,{"v":1,"d":"1.0"},{"v":1.22,"d":"1.2"},{"v":3,"d":"3.0"},{"v":11,"d":"11.0"}]
["Barracao/galpao/garagem","unidade",66,{"v":1,"d":"1.0"},{"v":1.21,"d":"1.2"},{"v":3,"d":"3.0"},{"v":80,"d":"80.0"}]
["Biodigestor","unidade",1,{"v":1,"d":"1.0"},{"v":1,"d":"1.0"},{"v":1,"d":"1.0"},{"v":1,"d":"1.0"}]
["Casa de moradia habitada","unidade",77,{"v":1,"d":"1.0"},{"v":1.65,"d":"1.7"},{"v":5,"d":"5.0"},{"v":127,"d":"127.0"}]
["Casa de moradia total","unidade",91,{"v":1,"d":"1.0"},2.1,{"v":8,"d":"8.0"},{"v":191,"d":"191.0"}]
["Curral/mangueira","unidade",35,{"v":1,"d":"1.0"},{"v":1,"d":"1.0"},{"v":1,"d":"1.0"},{"v":35,"d":"35.0"}]
["Deposito/tulha","unidade",24,{"v":1,"d":"1.0"},{"v":1.13,"d":"1.1"},{"v":2,"d":"2.0"},{"v":27,"d":"27.0"}]
["Engenho","unidade",1,{"v":1,"d":"1.0"},{"v":1,"d":"1.0"},{"v":1,"d":"1.0"},{"v":1,"d":"1.0"}]
["Estabulo","unidade",3,{"v":1,"d":"1.0"},{"v":1.33,"d":"1.3"},{"v":2,"d":"2.0"},{"v":4,"d":"4.0"}]
["Estufa/plasticultura","m2",2]
["Maquina de beneficio","unidade",3,{"v":1,"d":"1.0"},{"v":1.33,"d":"1.3"},{"v":2,"d":"2.0"},{"v":4,"d":"4.0"}]
["Pocilga","unidade",38,{"v":1,"d":"1.0"},{"v":1.08,"d":"1.1"},{"v":3,"d":"3.0"},{"v":41,"d":"41.0"}]
["Poco semi-artesiano","unidade",27,{"v":1,"d":"1.0"},{"v":1.04,"d":"1.0"},{"v":2,"d":"2.0"},{"v":28,"d":"28.0"}]
["Secador de graos","unidade",6,{"v":1,"d":"1.0"},{"v":1.33,"d":"1.3"},{"v":3,"d":"3.0"},{"v":8,"d":"8.0"}]
["Silo para graos","ton",8]
["Silo para silagem","ton",3]
["Terreiro","m2",6]
["Fonte: Secretaria de Agricultura e Abastecimento, CDRS/IEA, Projeto LUPA."]
[]
["TABELA 185.4 - Outras Estatísticas Agrícolas, Município de Florínea, Estado de São Paulo, 2016/17."]
["ITEM","Número de UPAs",null,"Percentual"]
["Faz Parte de Associação de Produtores",151,null,{"v":65.65217391304347,"d":"65.7"}]
["Faz Parte de Cooperativa de Produtores",177,null,{"v":76.95652173913044,"d":"77.0"}]
["Faz Parte do Sindicato de Produtores",85,null,{"v":36.95652173913044,"d":"37.0"}]
["Não utiliza assistência técnica ",26,null,{"v":11.304347826086957,"d":"11.3"}]
["Utiliza somente assistência técnica governamental ",32,null,{"v":13.91304347826087,"d":"13.9"}]
["Utiliza somente assistência técnica privada ",51,null,{"v":22.17391304347826,"d":"22.2"}]
["Utiliza assistência técnica tanto governamental quanto privada",121,null,{"v":52.608695652173914,"d":"52.6"}]
["Utiliza Crédito Rural",171,null,{"v":74.34782608695652,"d":"74.3"}]
["Utiliza Seguro Rural",119,null,{"v":51.7391304347826,"d":"51.7"}]
["Utiliza Escrituração Agrícola",176,null,{"v":76.52173913043478,"d":"76.5"}]
["Acessa Internet p/ Fins na Agropecuária",91,null,{"v":39.565217391304344,"d":"39.6"}]
["Utiliza Computador nas Atividades Agropecuárias",77,null,{"v":33.47826086956522,"d":"33.5"}]
["Utiliza Energia Elétrica Para Uso na Atividade Agrícola",125,null,{"v":54.347826086956516,"d":"54.3"}]
["Utiliza Energia Alternativa",2,null,{"v":0.8695652173913044,"d":"0.9"}]
["Realiza Análise de Solo, quando necessário",211,null,{"v":91.7391304347826,"d":"91.7"}]
["Realiza Calagem",82,null,{"v":35.65217391304348,"d":"35.7"}]
["Utiliza Práticas de Conservação de Solo, quando necessário",218,null,{"v":94.78260869565217,"d":"94.8"}]
["Faz Adubação Mineral, quando necessário",209,null,{"v":90.8695652173913,"d":"90.9"}]
["Faz Adubação Orgânica, quando necessário",88,null,{"v":38.26086956521739,"d":"38.3"}]
["Faz Adubação Verde, quando necessário",20,null,{"v":8.695652173913043,"d":"8.7"}]
["Utiliza Manejo Integrado de Pragas (MIP)",38,null,{"v":16.52173913043478,"d":"16.5"}]
["Utiliza Hidroponia","-",null,"-"]
["Utiliza Cultivo em Estufa",3,null,{"v":1.3043478260869565,"d":"1.3"}]
["Utiliza Mudas Fiscalizadas",71,null,{"v":30.869565217391305,"d":"30.9"}]
["Utiliza Semente Melhorada",107,null,{"v":46.52173913043479,"d":"46.5"}]
["Faz Confinamento de Bovinos",2,null,{"v":0.8695652173913044,"d":"0.9"}]
["Utiliza Pastejo Intensivo",14,null,{"v":6.086956521739131,"d":"6.1"}]
["Faz Inseminação Artificial",2,null,{"v":0.8695652173913044,"d":"0.9"}]
["Faz Mineralização do Rebanho",32,null,{"v":13.91304347826087,"d":"13.9"}]
["Faz Vermifugação do Rebanho",31,null,{"v":13.478260869565217,"d":"13.5"}]
["Possui Parceiros /Arrendatários na Exploração Animal",76,null,{"v":33.04347826086956,"d":"33.0"}]
["Existência de trabalhadores c/ deficiência na UPA","-",null,"-"]
["Esporte e lazer",2,null,{"v":0.8695652173913044,"d":"0.9"}]
["Extração mineral","-",null,"-"]
["Hotel Fazenda, Pousada ou SPA","-",null,"-"]
["Pesque-pague",1,null,{"v":0.4347826086956522,"d":"0.4"}]
["Restaurante ou Lanchonete",1,null,{"v":0.4347826086956522,"d":"0.4"}]
["Transformação artesanal","-",null,"-"]
["Turismo rural ou ecoturismo","-",null,"-"]
["Outras atividades econômicas rurais",2,null,{"v":0.8695652173913044,"d":"0.9"}]
["Agroindústria",1,null,{"v":0.4347826086956522,"d":"0.4"}]
["Proprietário sem instrução ou com instrução incompleta",6,null,{"v":2.608695652173913,"d":"2.6"}]
["Proprietário com antigo primário completo",40,null,{"v":17.391304347826086,"d":"17.4"}]
["Proprietário com 1° grau (ou antigo ginasial) completo",49,null,{"v":21.304347826086957,"d":"21.3"}]
["Proprietário com 2° grau (ou antigo colegial) completo",53,null,{"v":23.043478260869566,"d":"23.0"}]
["Proprietário com curso superior completo ",78,null,{"v":33.91304347826087,"d":"33.9"}]
["Pessoa Jurídica",4,null,{"v":1.7391304347826086,"d":"1.7"}]
["Proprietário residente na própria UPA ",26,null,{"v":11.304347826086957,"d":"11.3"}]
["Fonte: Secretaria de Agricultura e Abastecimento, CDRS/IEA, Projeto LUPA."]
[]
["TABELA 185.5 - Área Cultivada, Município de Florínea, Estado de São Paulo, 2016/17."]
["CULTURA","N.DE UPAs","MÍNIMO","MÉDIO","MÁXIMO","TOTAL"]
["Cana-de-acucar finalidade industria",86,0.5,{"v":108.18,"d":"108.2"},{"v":1014.9,"d":"1,014.9"},{"v":9303.4,"d":"9,303.4"}]
["Soja",152,0.6,{"v":54.02,"d":"54.0"},533.6,{"v":8210.4,"d":"8,210.4"}]
["Milho 2 safra",151,0.5,{"v":54.18,"d":"54.2"},533.6,{"v":8181.3,"d":"8,181.3"}]
["Braquiaria",35,0.2,{"v":6.92,"d":"6.9"},{"v":72,"d":"72.0"},242.1]
["Sorgo",2,4.8,30.2,55.6,60.4]
["Eucalipto",10,0.1,{"v":5.39,"d":"5.4"},{"v":15,"d":"15.0"},53.9]
["Aveia",1,{"v":24,"d":"24.0"},{"v":24,"d":"24.0"},{"v":24,"d":"24.0"},{"v":24,"d":"24.0"}]
["Feijao",1,12.1,12.1,12.1,12.1]
["Outras gramineas para pastagem",1,12.1,12.1,12.1,12.1]
["Milho safra",3,0.5,{"v":2.17,"d":"2.2"},4.8,6.5]
["Banana",1,{"v":6,"d":"6.0"},{"v":6,"d":"6.0"},{"v":6,"d":"6.0"},{"v":6,"d":"6.0"}]
["Tomate envarado",1,4.8,4.8,4.8,4.8]
["Gramas",2,1.5,1.5,1.5,{"v":3,"d":"3.0"}]
["Mandioca",4,0.2,{"v":0.68,"d":"0.7"},1.7,2.7]
["Batata-doce",1,0.3,0.3,0.3,0.3]
["Quiabo",1,0.3,0.3,0.3,0.3]
["Brocolos (ou brocolis)",1,0.3,0.3,0.3,0.3]
["Coco-da-baia",1,0.3,0.3,0.3,0.3]
["Cana-de-acucar outras finalidades",1,0.1,0.1,0.1,0.1]
["Fonte: Secretaria de Agricultura e Abastecimento, CDRS/IEA, Projeto LUPA."]